000 00261nam a2200109Ia 4500
008 190216s9999||||xx |||||||||||||| ||und||
100 _aThakazhi
245 0 _aThotiyude Magan
260 _bSahithya Pravarthaka Sahakarana Sangam
650 _aNovel
942 _cBK
999 _c25958
_d25958